000 01110nam a22002417a 4500
003 DO-SdBNP
005 20230417111537.0
007 ta
008 210625b 2017 dr a 00| 0 eng d
040 _aDO-SdBNP
_bspa
_cBNPHU
082 4 _222
245 0 0 _aInventario de los instrumentos jurídicos relacionados con la conservación de la biodiversidad costero marino y turismo en República Dominicana :
_bProyecto Biodiversidad Costera y Turismo: una oportunidad para el desarrollo /
_ccoordinación ; Johathan Delance F. ; fotografías: Zoraida A. Zapata L… [et al.].
260 _aSanto Domingo :
_bMinisterio de Medio Ambiente y Recursos Naturales,
_c2017.
300 _a28 p. :
_bil. ;
_c28 cm.
500 _a Proyecto Biodiversidad Costera y Turismo: una oportunidad para el desarrollo sostenible
590 _aInventariado, 2021 /LP
700 1 _aDelance, Johathan,
_ecoor.
_978804
700 1 _aZapata L., Zoraida A.
_efot.
_978804
700 1 _aÁlvarez, José Alejandro,
_efot.
_978805
700 1 _aCastillo, Anatheydi,
_efot.
_978806
700 1 _aNúñez, Jimmi,
_efot.
_978807
942 _2ddc
_cLF2
999 _c50008
_d50008